000 00579nam a22001937a 4500
999 _c2749
_d2749
003 AR-CdUCM
008 190305b ||||| |||| 00| 0 spa d
040 _aMUNICIPALIDAD PROVINCIAL DEL CUSCO
_cBIBLIOTECA MUNICIPAL DEL CUSCO
082 _a985.632 /
_bV21
100 _aValenzuela Zea, Waldo,
_96810
245 _aGrau o Montesinos en la historia /
260 _aCusco :
_bQuality Print,
_c2011.
300 _a215 páginas ;
_c21 cm.
650 _aApurímac
_91025
650 _aHistoria
_9246
650 _aPolítica y Gobierno
_92693
942 _2ddc
_cLIBROS
945 _araen